000 00699cab a2200229 4500
001 ABS57035
008 090401t1997 xxu||||| |||| 00| 0 eng d
035 _a(Sirsi) u78241
041 _aeng
100 _aBourne, T.
245 _aTime for a change
260 _c1997
350 _a0
490 _aNew Law Journal
_v147(6789) 25 April 1997, 594-595(2)
520 _aReviews the Timeshare Regulations 1997. Outlines the main points of the regulations and considers the impact on the timeshare industry.
650 _aHOLIDAY PROPERTY
650 _aTIMESHARE PROPERTY
650 _aTIMESHARE REGULATIONS 1997
690 _aPROPERTY LAW AND PRACTICE
942 _n0
948 _c08/05/1997
999 _c49243
_d49243